Viaje por las áreas protegidas de Guatemala (Registro nro. 7461)

Detalles MARC
000 -CABECERA
Campo de control 00761nam a22002297a 4500
005 - FECHA Y HORA DE LA ULTIMA TRANSACCION
Campo de control 20150828142844.0
008 - ELEMENTOS DE LONGITUD FIJA—INFORMACION GENERAL
Campo de control 130724b gt ||||| |||| 00| 0 spa d
040 ## - FUENTE DE CATALOGACIÓN
Agencia catalogadora original CO-BoIAVH
Agencia transcriptora CO-BoIAVH
041 0# - IDIOMA
Código de idioma para texto/pista de sonido o título separado Español
044 ## - PAÍS DE PUBLICACIÓN
País de publicación Guatemala
082 04 - NUMERO DE CLASIFICACION DECIMAL DEWEY
Número de clasificación 709.7281
Número del ítem S57v
245 ## - MENCION DE TITULO
Título Viaje por las áreas protegidas de Guatemala
260 ## - PUBLICACION, DISTRIBUCION, ETC. (PIE DE IMPRENTA)
Lugar de publicación, distribución, etc. Guatemala
Nombre del editor, distribuidor, etc. Consejo Nacional de Áreas protegidas CONAP
Fecha de publicación, distribución, etc. 2010
300 ## - DESCRIPCION FISICA
Extensión 132 p.
Otros detalles físicos ilustraciones
Dimensiones 22 cm.
500 ## - NOTA GENERAL
Nota general Guía de turismo Guatemala.
504 ## - NOTA DE BIBLIOGRAFIA, ETC.
Nota de bibliografía Incluye referencias bibliográficas.
650 #4 - ASIENTO SECUNDARIO DE MATERIA - TERMINO TEMATICO
Término temático o nombre geográfico como elemento de entrada Guatemala
Subdivisión general Guías
9 (RLIN) 37638
650 #4 - ASIENTO SECUNDARIO DE MATERIA - TERMINO TEMATICO
Término temático o nombre geográfico como elemento de entrada Guatemala
Subdivisión general Turismo ecológico
9 (RLIN) 37639
650 #6 - ASIENTO SECUNDARIO DE MATERIA - TERMINO TEMATICO
Término temático o nombre geográfico como elemento de entrada Áreas protegidas
Subdivisión geográfica Guatemala
9 (RLIN) 37640
710 ## - ASIENTO SECUNDARIO - NOMBRE CORPORATIVO
Nombre corporativo o de jurisdicción como elemento de entrada Consejo Nacional de Áreas protegidas CONAP
9 (RLIN) 996
942 ## - ELEMENTOS ADICIONALES (KOHA)
Sistema de clasificación Dewey Decimal Classification
Tipo de ítem Libro
Existencias
Withdrawn status Lost status Sistema de Clasificación Damaged status No para préstamo Colección Inventariado Ubicación Permanente Ubicación actual Fecha de adquisición Fuente de Valor Valor Total Checkouts Número topográfico Inventario / Código de Barras Date last seen Ejemplar Price effective from Forma de adquisición Tipo de material
    Dewey Decimal Classification     General Inventariado 2017 Bogotá Bogotá 24/07/2013 Instituto 39000.00   LB-709.7281 S57v 028353 24/07/2013 Ej. 1 24/07/2013   Libro
    Dewey Decimal Classification     General Inventariado 2017 Sala Fabio Quevedo Sala Fabio Quevedo 28/08/2015 Instituto 39000.00   LB-709.7281 S57v 038745 28/08/2015 Ej. 2 28/08/2015   Libro